Представление документа в формате RUSMARC

ПолеНазваниеЗначение
  Тип записи a
  Библиографический уровень m
001 Контрольный номер 240b3a992a52451985e486d997929e78
005 Дата корректировки 20140626113831.1
010 Индекс ISBN __
a ISBN 5-16-000682-6
010 Индекс ISBN __
a ISBN 5-900785-56-4
200 Заглавие и сведения об ответственности 1_
a Заглавие Международное частное право
e Сведения, относящиеся к заглавию Крат.курс для студентов высш.и сред.учеб.заведений
f Первые сведения об ответственности Н.Г.Доронина,В.П.Звеков,Т.П.Лазарева и др.;Отв.ред.Н.И.Марышева;Ин-т законодательства и сравн.правоведения при Правительстве РФ
210 Выходные данные 1_
a Место издания М.
c Издательство Контракт:ИНФРА-М
d Дата издания 2001
215 Физическое описание __
a Объем 278 с.
225 Серия 2_
a Серия Высшее образование
610 Ключевые слова 0_
a Ключевые слова международное частное право
610 Ключевые слова 0_
a Ключевые слова коллизионные нормы
610 Ключевые слова 0_
a Ключевые слова вещное право
610 Ключевые слова 0_
a Ключевые слова внешнеэкономические сделки
610 Ключевые слова 0_
a Ключевые слова семейное право
610 Ключевые слова 0_
a Ключевые слова наследственное право
610 Ключевые слова 0_
a Ключевые слова международный гражданский процесс
610 Ключевые слова 0_
a Ключевые слова международный коммерческий арбитраж
686 Индексы других классификаций __
a Классификационный индекс 67
2 Код системы rubbk
686 Индексы других классификаций __
a Классификационный индекс 67.93
2 Код системы rubbk
801 Источник записи _0
a Страна RU
b Организация РУК
c Дата составления 20020611
g Правила каталогизации PSBO
801 Источник записи _1
a Страна RU
b Организация РУК
c Дата составления 20020611
g Правила каталогизации PSBO
852 Данные о местонахождении __
i Авторский знак М43
j Шифр хранения ББК 67
901 Тип документа __
t Тип документа m
938 Служебная информация __
a Название организации Головной вуз
b Имя БД BOOK
c Название АИБС АИБС ИРБИС